Welcome to the Holygrace Academy Library

Please use search bar below to get started

INTRODUCTION TO LINEAR ALGEBRA (Record no. 1245)

MARC details
000 -LEADER
fixed length control field 00351nam a22001457a 4500
020 ## - INTERNATIONAL STANDARD BOOK NUMBER
ISBN 81-8126-260-4
082 ## - DEWEY DECIMAL CLASSIFICATION NUMBER
Classification number 510
Item number LAN/I
100 ## - MAIN ENTRY--AUTHOR NAME
Personal name LANG SERGE
245 ## - TITLE STATEMENT
Title INTRODUCTION TO LINEAR ALGEBRA
250 ## - EDITION STATEMENT
Edition statement SECOND EDITION
260 ## - PUBLICATION, DISTRIBUTION, ETC. (IMPRINT)
Place of publication DELHI
Name of publisher SPRINGER (INDIA) PRIVATE LTD
Year of publication 2005
300 ## - PHYSICAL DESCRIPTION
Number of Pages 293
650 ## - SUBJECT ADDED ENTRY--TOPICAL TERM
Topical Term MATHS REFERENCE
Geographic subdivision INDIA
942 ## - ADDED ENTRY ELEMENTS (KOHA)
Koha item type Books
Holdings
Withdrawn status Lost status Collection code Home library Current library Shelving location Date acquired Source of acquisition Full call number Accession Number Koha item type
    Reference Main Library Main Library SHELF-5 A REFERENCE MATHS 23/10/2006 purchase 510 LAN/I 03328 Books